|
|
|
|
| LEADER |
00000nam a2200000 a 4500 |
| 001 |
UCW0485 |
| 003 |
CL-VaPUC |
| 005 |
20210909074809.0 |
| 008 |
901210e19800000SP |||||||||||||||||spa|d |
| 999 |
|
|
|c 215631
|d 215629
|
| 040 |
|
|
|c Pontificia Universidad Católica de Valparaíso
|
| 082 |
0 |
4 |
|a 612.76 RAS 1980
|2 21
|
| 100 |
0 |
|
|a Rasch, Philip J
|9 304400
|
| 245 |
1 |
0 |
|a Kinesiología y Anatomía aplicada: la ciencia del movimiento humano
|
| 250 |
|
|
|a Quinta edición
|
| 260 |
|
|
|a Barcelona
|b Ateneo
|c 1980
|
| 300 |
|
|
|a 542 páginas
|
| 583 |
|
|
|a last modification
|c 19901210 00:00:00
|k Rodrigo Vera
|
| 650 |
|
7 |
|a KINESIOLOGIA
|2 CL-VaPUC
|9 269681
|
| 650 |
|
0 |
|a Anatomía humana
|9 269546
|
| 650 |
|
0 |
|a Músculos
|9 269552
|
| 650 |
|
7 |
|a SISTEMA MUSCULAR
|2 CL-VaPUC
|9 269682
|
| 700 |
0 |
|
|a Burke, Roger K
|9 304401
|
| 942 |
|
|
|c BK
|2 ddc
|
| 945 |
|
|
|d 19901210 00:00:00
|
| 952 |
|
|
|0 0
|1 0
|2 ddc
|4 0
|6 612_760000000000000_RAS_1980
|7 0
|8 A
|9 200141
|a BIBEDU
|b BIBEDU
|d 2019-11-14
|i 2674505
|o 612.76 RAS 1980
|p 2674505
|r 2019-11-14
|t 1
|w 2019-11-14
|y BK
|k EDU
|
| 952 |
|
|
|0 0
|1 0
|2 ddc
|4 0
|6 612_760000000000000_RAS_1980
|7 0
|8 A
|9 200142
|a BIBEDU
|b BIBEDU
|d 2019-11-14
|i 2674513
|o 612.76 RAS 1980
|p 2674513
|r 2019-11-14
|t 2
|w 2019-11-14
|y BK
|k EDU
|
| 952 |
|
|
|0 0
|1 0
|2 ddc
|4 0
|6 612_760000000000000_RAS_1980
|7 0
|8 A
|9 200143
|a BIBEDU
|b BIBEDU
|d 2019-11-14
|i 2674521
|o 612.76 RAS 1980
|p 2674521
|r 2019-11-14
|t 3
|w 2019-11-14
|y BK
|k EDU
|
| 952 |
|
|
|0 0
|1 0
|2 ddc
|4 0
|6 612_760000000000000_RAS_1980
|7 0
|8 A
|9 200144
|a BIBEDU
|b BIBEDU
|d 2019-11-14
|i 267453K
|o 612.76 RAS 1980
|p 267453K
|r 2019-11-14
|t 4
|w 2019-11-14
|y BK
|k EDU
|
| 952 |
|
|
|0 0
|1 0
|2 ddc
|4 0
|6 612_760000000000000_RAS_1980
|7 0
|8 A
|9 200145
|a BIBEDU
|b BIBEDU
|d 2019-11-14
|i 2674548
|o 612.76 RAS 1980
|p 2674548
|r 2019-11-14
|t 5
|w 2019-11-14
|y BK
|k EDU
|